| 000 | nam a22 a 4500 | ||
|---|---|---|---|
| 999 |
_c3775 _d3775 |
||
| 005 | 20170524083735.0 | ||
| 008 | 170524b1978 -us||||| |||| 00| 0 eng d | ||
| 020 | _a0155755706 | ||
| 040 | _aAKMAL | ||
| 082 | 0 | 4 | _a808 ADE |
| 090 |
_a808 _bADE |
||
| 100 |
_aAdelstein, Michael E. _97467 |
||
| 245 |
_aThe Reading Commitment _cMichael E. Adelstein and Jean G.Pival |
||
| 260 |
_aUnited States _bHarcourt Brace Jovanovich, Inc _c1978 |
||
| 300 |
_a493p _c24cm |
||
| 700 |
_aPival, Jean G. _97468 |
||
| 942 |
_2ddc _cBOOK |
||